000 00719nam a2200229 i 4500
001 bgj
100 1 _aHARMER, Jeremy
245 1 0 _aTeaching and Learning Grammar /
_cJeremy Harmer.
250 _a[8th impr.].
260 _aLondon :
_bLongman,
_c1993
_aNew York.
300 _a71 pp :
_bill. ;
_c22 cm.
490 1 _aLongman Keys to Language Teaching / [ed. by] Neville Grant
504 _aBibliography p. 69-71.
650 9 _aEnglish language
_xGrammar
_xStudy and teaching
830 0 _aLongman Keys to Language Teaching ([ed. by] Neville Grant)
020 _a0582092019 (pbk)
040 _cBPK
041 0 _aeng
920 _a0-582-09201-9 (pbk)
942 _cKS
008 s uk f |000 0 eng
999 _c47752
_d47752
856 _uhttp://koha.tu.koszalin.pl/cgi-bin/koha/opac-detail.pl?biblionumber=47752
_yKatalog online BPK